[Event "Bundesliga 9596"]
[Site "Deutschland"]
[Date "1995.??.??"]
[Round "?.8"]
[White "Andresen, Steffen"]
[Black "Sukharisingh, Ralf"]
[Result "0-1"]
[WhiteElo "2385"]
[BlackElo "2305"]
[PlyCount "126"]
[EventDate "1995.10.??"]
[EventType "team"]
[EventRounds "15"]
[EventCountry "GER"]
[SourceTitle "Bundesliga 9596"]
[Source "DeepChess"]
[SourceDate "2005.01.01"]
[SourceVersion "1"]
[SourceVersionDate "2005.01.01"]
[SourceQuality "1"]
[WhiteTeam "Dresdner SC 1898"]
[BlackTeam "PSV/BSV Wuppertal 1921 e.V."]
[WhiteTeamCountry "GER"]
[BlackTeamCountry "GER"]

1. c4 e5 2. Nc3 Nc6 3. e3 g6 4. d4 exd4 5. exd4 Bg7 6. Nf3 d6 7. Bg5 Nge7 8. d5
Ne5 9. Nd4 h6 10. Bh4 g5 11. Bg3 Nf5 12. Nxf5 Bxf5 13. Be2 Qd7 14. Rc1 a6 15.
h4 g4 16. h5 O-O 17. Qd2 Rae8 18. Kf1 Qe7 19. Bf4 Qf6 20. Bg3 Nd7 21. b4 Qd4
22. Qf4 Qxf4 23. Bxf4 Ne5 24. Rd1 Re7 25. c5 Rfe8 26. Be3 Kh7 27. Bd4 Bf6 28.
Kg1 Nd7 29. Bxf6 Nxf6 30. Rd2 Ne4 31. Nxe4 Rxe4 32. Bd3 Re1+ 33. Kh2 Rxh1+ 34.
Kxh1 Bxd3 35. Rxd3 Re5 36. Kh2 Rxh5+ 37. Kg3 Rf5 38. Kxg4 Rxf2 39. g3 Rxa2 40.
Re3 Ra4 41. Kf5 Kg7 42. Re7 Rxb4 43. c6 bxc6 44. dxc6 Rc4 45. Rxc7 a5 46. Rc8
a4 47. c7 a3 48. Ra8 Rxc7 49. Rxa3 Rd7 50. Rd3 d5 51. Rd4 Rd8 52. Ke5 Kg6 53.
Rg4+ Kh7 54. Rf4 d4 55. Rxd4 Rxd4 56. Kxd4 Kg6 57. Ke4 Kg5 58. Kf3 h5 59. Kf2
Kg4 60. Kg2 h4 61. gxh4 Kxh4 62. Kf3 Kg5 63. Kg3 Kf5 0-1

[Event "Bundesliga 9596"]
[Site "Deutschland"]
[Date "1995.??.??"]
[Round "?.2"]
[White "Lanka, Zigurds"]
[Black "Kindermann, Stefan"]
[Result "1-0"]
[WhiteElo "2480"]
[BlackElo "2565"]
[PlyCount "55"]
[EventDate "1995.10.??"]
[EventType "team"]
[EventRounds "15"]
[EventCountry "GER"]
[SourceTitle "Bundesliga 9596"]
[Source "DeepChess"]
[SourceDate "2005.01.01"]
[SourceVersion "1"]
[SourceVersionDate "2005.01.01"]
[SourceQuality "1"]
[WhiteTeam "Dresdner SC 1898"]
[BlackTeam "SAbt SV Werder Bremen"]
[WhiteTeamCountry "GER"]
[BlackTeamCountry "GER"]

1. e4 e6 2. d4 d5 3. Nc3 Bb4 4. e5 c5 5. a3 Bxc3+ 6. bxc3 Ne7 7. Nf3 Nbc6 8.
Rb1 a6 9. Be2 Qa5 10. O-O Qxc3 11. Rb3 Qa5 12. dxc5 Ng6 13. Re1 Qxc5 14. Bd3 b5
15. Bd2 Bd7 16. h4 h6 17. h5 Nge7 18. Qa1 d4 19. Re4 Nd5 20. Nxd4 Nxd4 21. Rxd4
a5 22. Rg4 Kf8 23. c4 bxc4 24. Rxc4 Qe7 25. Be4 Qe8 26. Qd4 Kg8 27. Rg3 a4 28.
Bxd5 1-0

[Event "Bundesliga 9596"]
[Site "Deutschland"]
[Date "1995.??.??"]
[Round "?.3"]
[White "Blatny, Pavel"]
[Black "Uhlmann, Wolfgang"]
[Result "0-1"]
[WhiteElo "2535"]
[BlackElo "2490"]
[PlyCount "90"]
[EventDate "1995.10.??"]
[EventType "team"]
[EventRounds "15"]
[EventCountry "GER"]
[SourceTitle "Bundesliga 9596"]
[Source "DeepChess"]
[SourceDate "2005.01.01"]
[SourceVersion "1"]
[SourceVersionDate "2005.01.01"]
[SourceQuality "1"]
[WhiteTeam "SAbt SV Werder Bremen"]
[BlackTeam "Dresdner SC 1898"]
[WhiteTeamCountry "GER"]
[BlackTeamCountry "GER"]

1. d4 Nf6 2. Nf3 g6 3. Nc3 d5 4. Bf4 Bg7 5. e3 O-O 6. Be2 Bf5 7. Ne5 c6 8. g4
Be6 9. h4 Nbd7 10. h5 Ne4 11. hxg6 hxg6 12. Nxd7 Nxc3 13. bxc3 Qxd7 14. Kd2 f6
15. Qg1 Kf7 16. Bh6 Rh8 17. g5 Bxh6 18. gxh6 Rh7 19. Rh2 Rah8 20. Qh1 Bg4 21.
f3 Bh5 22. Qg2 Rxh6 23. Rah1 Kg7 24. Qg1 g5 25. Rg2 Bg6 26. Rxh6 Rxh6 27. Qf2
Qh3 28. f4 Be4 29. fxg5 Qxg2 30. gxh6+ Kxh6 31. Qxg2 Bxg2 32. Bg4 Bf1 33. Bc8
b6 34. Bd7 Bb5 35. a3 a6 36. c4 dxc4 37. Be6 Kg5 38. c3 f5 39. Bc8 a5 40. Bd7
Kf6 41. d5 Ke5 42. dxc6 e6 43. a4 Bxa4 44. Be8 Kd6 45. c7 Bd7 0-1

[Event "Bundesliga 9596"]
[Site "Deutschland"]
[Date "1995.??.??"]
[Round "?.4"]
[White "Maiwald, Jens Uwe"]
[Black "Knaak, Rainer"]
[Result "1/2-1/2"]
[WhiteElo "2485"]
[BlackElo "2540"]
[PlyCount "34"]
[EventDate "1995.10.??"]
[EventType "team"]
[EventRounds "15"]
[EventCountry "GER"]
[SourceTitle "Bundesliga 9596"]
[Source "DeepChess"]
[SourceDate "2005.01.01"]
[SourceVersion "1"]
[SourceVersionDate "2005.01.01"]
[SourceQuality "1"]
[WhiteTeam "Dresdner SC 1898"]
[BlackTeam "SAbt SV Werder Bremen"]
[WhiteTeamCountry "GER"]
[BlackTeamCountry "GER"]

1. Nf3 e6 2. g3 b5 3. Bg2 Bb7 4. O-O c5 5. c3 Nf6 6. d4 Na6 7. Bg5 h6 8. Bxf6
Qxf6 9. Nbd2 Rb8 10. e4 Qd8 11. Qe2 Be7 12. Qxb5 cxd4 13. cxd4 Bc6 14. Qxa6 Bb5
15. Qxa7 Ra8 16. Qb7 Rb8 17. Qa7 Ra8 1/2-1/2

[Event "Bundesliga 9596"]
[Site "Deutschland"]
[Date "1995.??.??"]
[Round "?.5"]
[White "Heissler, Jakob"]
[Black "Borriss, Martin"]
[Result "1/2-1/2"]
[WhiteElo "2445"]
[BlackElo "2410"]
[PlyCount "83"]
[EventDate "1995.10.??"]
[EventType "team"]
[EventRounds "15"]
[EventCountry "GER"]
[SourceTitle "Bundesliga 9596"]
[Source "DeepChess"]
[SourceDate "2005.01.01"]
[SourceVersion "1"]
[SourceVersionDate "2005.01.01"]
[SourceQuality "1"]
[WhiteTeam "SAbt SV Werder Bremen"]
[BlackTeam "Dresdner SC 1898"]
[WhiteTeamCountry "GER"]
[BlackTeamCountry "GER"]

1. e4 c5 2. Nf3 d6 3. g3 Nc6 4. Bg2 Nf6 5. d3 g6 6. O-O Bg7 7. c3 O-O 8. Re1 e5
9. a4 Re8 10. Na3 h6 11. Bd2 d5 12. exd5 Nxd5 13. Qc2 Bf5 14. Nh4 Be6 15. Rad1
Qd7 16. Nc4 Rad8 17. Bc1 Kh7 18. a5 Bg4 19. f3 Be6 20. Bf1 Qc7 21. Qa4 Bd7 22.
Qa2 b5 23. axb6 axb6 24. Qb3 Be6 25. Ng2 Rb8 26. Qc2 b5 27. Nce3 Nb6 28. f4 f5
29. Qf2 Bb3 30. Rd2 b4 31. g4 bxc3 32. bxc3 exf4 33. Nxf4 fxg4 34. Rb2 Bxc3 35.
Ree2 Nd4 36. Nxg4 Nxe2+ 37. Nxe2 Rxe2 38. Rxe2 Bd4 39. Be3 Nd5 40. Bxd4 cxd4
41. Qxd4 Qb6 42. Qxb6 1/2-1/2

[Event "Bundesliga 9596"]
[Site "Deutschland"]
[Date "1995.??.??"]
[Round "?.6"]
[White "Goldberg, Alexander"]
[Black "Meins, Gerlef"]
[Result "1-0"]
[WhiteElo "2400"]
[BlackElo "2440"]
[PlyCount "79"]
[EventDate "1995.10.??"]
[EventType "team"]
[EventRounds "15"]
[EventCountry "GER"]
[SourceTitle "Bundesliga 9596"]
[Source "DeepChess"]
[SourceDate "2005.01.01"]
[SourceVersion "1"]
[SourceVersionDate "2005.01.01"]
[SourceQuality "1"]
[WhiteTeam "Dresdner SC 1898"]
[BlackTeam "SAbt SV Werder Bremen"]
[WhiteTeamCountry "GER"]
[BlackTeamCountry "GER"]

1. e4 c5 2. Nf3 Nc6 3. d4 cxd4 4. Nxd4 Nf6 5. Nc3 d6 6. Bg5 e6 7. Qd2 a6 8.
O-O-O Bd7 9. f3 Be7 10. h4 Qc7 11. g4 Ne5 12. Kb1 b5 13. Bd3 Nc4 14. Bxc4 Qxc4
15. e5 dxe5 16. Nf5 exf5 17. Bxf6 Bxf6 18. Qxd7+ Kf8 19. Qxf5 Qe6 20. Qe4 Re8
21. Nd5 Bd8 22. Ne3 h5 23. Nf5 Be7 24. Rd5 g6 25. Ne3 Bd8 26. Rhd1 Bxh4 27. Rd6
Qe7 28. Rxa6 Kg7 29. Rb6 hxg4 30. fxg4 Rb8 31. Rbd6 Bg5 32. Rd7 Qf6 33. Rf1 Bf4
34. Nd5 Qe6 35. Re7 Qd6 36. Rxf4 exf4 37. Qd4+ Kg8 38. Re1 Rd8 39. Nf6+ Kf8 40.
Re8+ $138 1-0

[Event "Bundesliga 9596"]
[Site "Deutschland"]
[Date "1995.??.??"]
[Round "?.7"]
[White "Floegel, Ulrich"]
[Black "Andresen, Steffen"]
[Result "1/2-1/2"]
[WhiteElo "2360"]
[BlackElo "2385"]
[PlyCount "95"]
[EventDate "1995.10.??"]
[EventType "team"]
[EventRounds "15"]
[EventCountry "GER"]
[SourceTitle "Bundesliga 9596"]
[Source "DeepChess"]
[SourceDate "2005.01.01"]
[SourceVersion "1"]
[SourceVersionDate "2005.01.01"]
[SourceQuality "1"]
[WhiteTeam "SAbt SV Werder Bremen"]
[BlackTeam "Dresdner SC 1898"]
[WhiteTeamCountry "GER"]
[BlackTeamCountry "GER"]

1. e4 c5 2. Nf3 Nc6 3. Bb5 d6 4. O-O Bd7 5. Re1 Nf6 6. c3 a6 7. Bf1 Bg4 8. d3
g6 9. Nbd2 Bh6 10. h3 Bxf3 11. Nxf3 Bxc1 12. Rxc1 O-O 13. d4 b5 14. e5 Nh5 15.
g3 Ra7 16. a4 Qb6 17. axb5 axb5 18. Bg2 Na5 19. Qd3 Nb3 20. Rcd1 Ng7 21. Ng5 c4
22. Qe4 Qd8 23. Qh4 h5 24. exd6 Qxd6 25. Ne4 Qc7 26. Qg5 Kh7 27. Qxb5 Ra5 28.
Qb4 Rb8 29. Ng5+ Rxg5 30. Qxe7 Qxe7 31. Rxe7 Kg8 32. d5 Kf8 33. Rc7 Ne8 34.
Rxc4 Ke7 35. Rc6 Re5 36. Kf1 Kd8 37. d6 Na5 38. d7 Nc7 39. Rf6 Rxb2 40. Rxf7
Rf5 41. Rxf5 gxf5 42. Rd4 Nb5 43. Rf4 Nxc3 44. Bf3 Rb5 45. Bxh5 Nd5 46. Ra4
Kxd7 47. Bf3 Nc3 48. Rf4 1/2-1/2

[Event "Bundesliga 9596"]
[Site "Deutschland"]
[Date "1995.??.??"]
[Round "?.8"]
[White "Heinatz, Thomas"]
[Black "Hedke, Fred"]
[Result "1-0"]
[WhiteElo "2345"]
[BlackElo "2370"]
[PlyCount "123"]
[EventDate "1995.10.??"]
[EventType "team"]
[EventRounds "15"]
[EventCountry "GER"]
[SourceTitle "Bundesliga 9596"]
[Source "DeepChess"]
[SourceDate "2005.01.01"]
[SourceVersion "1"]
[SourceVersionDate "2005.01.01"]
[SourceQuality "1"]
[WhiteTeam "Dresdner SC 1898"]
[BlackTeam "SAbt SV Werder Bremen"]
[WhiteTeamCountry "GER"]
[BlackTeamCountry "GER"]

1. e4 e5 2. Nf3 Nc6 3. Bb5 Nd4 4. Nxd4 exd4 5. O-O Bc5 6. d3 c6 7. Ba4 Ne7 8.
f4 f5 9. Qh5+ g6 10. Qh6 Kf7 11. Nd2 Qf8 12. Qh4 Kg7 13. Nf3 d5 14. e5 a5 15.
a3 b5 16. Bb3 Bb6 17. Kh1 h6 18. c3 dxc3 19. bxc3 Be6 20. Nd4 Bxd4 21. cxd4 Ra6
22. Bd2 Qf7 23. Rac1 Rc8 24. Rc5 Rb8 25. Rfc1 Re8 26. Bd1 Rb8 27. Bf3 Bd7 28.
h3 Be6 29. R1c2 Ra7 30. Kh2 Ra6 31. Qe1 Raa8 32. Qc1 Bd7 33. Be1 h5 34. Bh4 Ng8
35. Re2 Qe6 36. Qd2 Ra7 37. Rc1 Nh6 38. Bg5 Rc8 39. Rg1 Rg8 40. Qe1 Raa8 41.
Qh4 Ng4+ 42. Kh1 Rae8 43. Rc2 Nh6 44. g4 fxg4 45. Bxh6+ Kxh6 46. hxg4 Qe7 47.
Qh2 Ref8 48. f5 Qg5 49. f6 h4 50. Rg3 Rh8 51. Rh3 Bxg4 52. Bxg4 Qxg4 53. Rxh4+
Kg5 54. Rxg4+ Kxg4 55. Rxc6 Rxh2+ 56. Kxh2 Kf5 57. Rb6 b4 58. axb4 axb4 59.
Rxb4 Rd8 60. Kg3 g5 61. Rb6 Ra8 62. f7 1-0

[Event "Bundesliga 9596"]
[Site "Deutschland"]
[Date "1996.??.??"]
[Round "?.1"]
[White "Bologan, Viktor"]
[Black "Pfleger, Helmut"]
[Result "1-0"]
[WhiteElo "2590"]
[BlackElo "2490"]
[PlyCount "79"]
[EventDate "1995.10.??"]
[EventType "team"]
[EventRounds "15"]
[EventCountry "GER"]
[SourceTitle "Bundesliga 9596"]
[Source "DeepChess"]
[SourceDate "2005.01.01"]
[SourceVersion "1"]
[SourceVersionDate "2005.01.01"]
[SourceQuality "1"]
[WhiteTeam "Dresdner SC 1898"]
[BlackTeam "SC 1868 Bamberg e.V."]
[WhiteTeamCountry "GER"]
[BlackTeamCountry "GER"]

1. e4 d6 2. d4 Nf6 3. Nc3 g6 4. g3 Bg7 5. Bg2 O-O 6. Nge2 e5 7. h3 Nbd7 8. O-O
c6 9. a4 Qc7 10. Be3 Re8 11. g4 Nf8 12. Qd2 h5 13. g5 N6d7 14. Kh1 exd4 15.
Nxd4 Nc5 16. Rad1 a5 17. Nde2 Re6 18. f4 Qe7 19. Bxc5 dxc5 20. f5 Bxc3 21. Nxc3
Re5 22. Qd8 Qe8 23. Qc7 Re7 24. Rd8 Rxc7 25. Rxe8 b6 26. fxg6 Bb7 27. gxf7+
Rxf7 28. Re5 Ng6 29. Re6 Kg7 30. Rxf7+ Kxf7 31. Rf6+ Kg7 32. Bf3 Rh8 33. Ne2 h4
34. Bg4 Rf8 35. Rd6 Ba6 36. Bf5 Ne5 37. Nf4 Bc8 38. Ne6+ Bxe6 39. Rxe6 Nf3 40.
Rxc6 1-0

[Event "Bundesliga 9596"]
[Site "Deutschland"]
[Date "1996.??.??"]
[Round "?.2"]
[White "Pribyl, Martin"]
[Black "Teske, Henrik"]
[Result "0-1"]
[WhiteElo "2325"]
[BlackElo "2510"]
[PlyCount "62"]
[EventDate "1995.10.??"]
[EventType "team"]
[EventRounds "15"]
[EventCountry "GER"]
[SourceTitle "Bundesliga 9596"]
[Source "DeepChess"]
[SourceDate "2005.01.01"]
[SourceVersion "1"]
[SourceVersionDate "2005.01.01"]
[SourceQuality "1"]
[WhiteTeam "SC 1868 Bamberg e.V."]
[BlackTeam "Dresdner SC 1898"]
[WhiteTeamCountry "GER"]
[BlackTeamCountry "GER"]

1. d4 e6 2. c4 b6 3. Nf3 Bb7 4. e3 f5 5. Be2 Bb4+ 6. Nc3 Nf6 7. O-O O-O 8. Bd2
Qe7 9. a3 Bxc3 10. Bxc3 Ne4 11. Be1 d6 12. Nd2 Qg5 13. Nxe4 fxe4 14. d5 exd5
15. f4 exf3 16. Bxf3 Nd7 17. Bc3 Rae8 18. Kh1 Nc5 19. Bxd5+ Bxd5 20. Rxf8+ Kxf8
21. cxd5 Kg8 22. h3 Ne4 23. Qd4 Ng3+ 24. Kh2 Nf5 25. Qa4 Rxe3 26. Rf1 Re2 27.
Rg1 b5 28. Qb4 Nh4 29. Kh1 Rxg2 30. Qd4 Rxg1+ 31. Qxg1 Qxd5+ 0-1

[Event "Bundesliga 9596"]
[Site "Deutschland"]
[Date "1996.??.??"]
[Round "?.5"]
[White "Borriss, Martin"]
[Black "Loew, Gerald"]
[Result "1/2-1/2"]
[WhiteElo "2405"]
[BlackElo "2285"]
[PlyCount "128"]
[EventDate "1995.10.??"]
[EventType "team"]
[EventRounds "15"]
[EventCountry "GER"]
[SourceTitle "Bundesliga 9596"]
[Source "DeepChess"]
[SourceDate "2005.01.01"]
[SourceVersion "1"]
[SourceVersionDate "2005.01.01"]
[SourceQuality "1"]
[WhiteTeam "Dresdner SC 1898"]
[BlackTeam "SC 1868 Bamberg e.V."]
[WhiteTeamCountry "GER"]
[BlackTeamCountry "GER"]

1. e4 c5 2. Nf3 Nc6 3. d4 cxd4 4. Nxd4 Nf6 5. Nc3 e5 6. Ndb5 d6 7. Bg5 a6 8.
Na3 b5 9. Nd5 Be7 10. Bxf6 Bxf6 11. c3 O-O 12. h4 Ne7 13. Nxf6+ gxf6 14. Qd2
Bb7 15. Bd3 Kh8 16. Nc2 Rg8 17. O-O-O Qf8 18. Ne3 Qh6 19. Rhe1 Rad8 20. g3 Rd7
21. Kb1 Rgd8 22. Qe2 Qg6 23. Qf3 Rc7 24. Rd2 Rc5 25. Red1 f5 26. Nxf5 Nxf5 27.
Qxf5 Qxf5 28. exf5 e4 29. Bc2 Rxf5 30. b4 Rf6 31. Kb2 Kg7 32. a4 Rf3 33. axb5
axb5 34. Rxd6 Rxd6 35. Rxd6 Rxf2 36. Kc1 e3 37. Bd3 Rd2 38. Rd4 Bf3 39. Bxb5
Rg2 40. g4 Rg1+ 41. Kc2 e2 42. Bxe2 Bxe2 43. g5 h6 44. Kd2 Rg2 45. Ke3 hxg5 46.
hxg5 Bf1 47. Rf4 Ba6 48. c4 Rxg5 49. b5 Bc8 50. Kd4 Kf8 51. c5 Be6 52. b6 Bd5
53. Rf6 Ke7 54. c6 Kxf6 55. b7 Bxc6 56. b8=Q Rg4+ 57. Kc5 Bd7 58. Qd8+ Ke6 59.
Qb6+ Ke7 60. Qd6+ Ke8 61. Qe5+ Be6 62. Kd6 Kf8 63. Qh8+ Rg8 64. Qh6+ Rg7
1/2-1/2

[Event "Bundesliga 9596"]
[Site "Deutschland"]
[Date "1996.??.??"]
[Round "?.6"]
[White "Kestler, Hans Guenther"]
[Black "Goldberg, Alexander"]
[Result "1/2-1/2"]
[WhiteElo "2345"]
[BlackElo "2405"]
[PlyCount "25"]
[EventDate "1995.10.??"]
[EventType "team"]
[EventRounds "15"]
[EventCountry "GER"]
[SourceTitle "Bundesliga 9596"]
[Source "DeepChess"]
[SourceDate "2005.01.01"]
[SourceVersion "1"]
[SourceVersionDate "2005.01.01"]
[SourceQuality "1"]
[WhiteTeam "SC 1868 Bamberg e.V."]
[BlackTeam "Dresdner SC 1898"]
[WhiteTeamCountry "GER"]
[BlackTeamCountry "GER"]

1. e4 e5 2. Bc4 Nf6 3. d3 Nc6 4. Nf3 Be7 5. Nc3 d6 6. h3 Na5 7. Bb3 Nxb3 8.
axb3 O-O 9. O-O Re8 10. Re1 Bf8 11. d4 exd4 12. Qxd4 a6 13. Bg5 1/2-1/2

[Event "Bundesliga 9596"]
[Site "Deutschland"]
[Date "1996.??.??"]
[Round "?.7"]
[White "Andresen, Steffen"]
[Black "Rupp, Markus"]
[Result "1-0"]
[WhiteElo "2350"]
[BlackElo "2330"]
[PlyCount "61"]
[EventDate "1995.10.??"]
[EventType "team"]
[EventRounds "15"]
[EventCountry "GER"]
[SourceTitle "Bundesliga 9596"]
[Source "DeepChess"]
[SourceDate "2005.01.01"]
[SourceVersion "1"]
[SourceVersionDate "2005.01.01"]
[SourceQuality "1"]
[WhiteTeam "Dresdner SC 1898"]
[BlackTeam "SC 1868 Bamberg e.V."]
[WhiteTeamCountry "GER"]
[BlackTeamCountry "GER"]

1. c4 Nf6 2. Nc3 g6 3. e4 d6 4. d4 Bg7 5. f3 O-O 6. Be3 Nbd7 7. Qd2 c5 8. dxc5
dxc5 9. O-O-O Qa5 10. Nge2 a6 11. Kb1 b5 12. Nd5 Nxd5 13. Qxa5 Nxe3 14. Rc1
Nxc4 15. Rxc4 bxc4 16. Nc3 Rb8 17. f4 e5 18. g3 exf4 19. gxf4 Bb7 20. Bg2 Bd4
21. Re1 f5 22. Qa4 Nf6 23. Re2 fxe4 24. Qxc4+ Kh8 25. Kc1 Ng4 26. Bxe4 Rxf4 27.
Qb3 Be3+ 28. Rxe3 Nxe3 29. Bxb7 c4 30. Qb6 Rf7 31. Qxe3 1-0

[Event "Bundesliga 9596"]
[Site "Deutschland"]
[Date "1996.??.??"]
[Round "?.8"]
[White "Held, Markus"]
[Black "Wegener, Dirk"]
[Result "1/2-1/2"]
[WhiteElo "2205"]
[BlackElo "2320"]
[PlyCount "49"]
[EventDate "1995.10.??"]
[EventType "team"]
[EventRounds "15"]
[EventCountry "GER"]
[SourceTitle "Bundesliga 9596"]
[Source "DeepChess"]
[SourceDate "2005.01.01"]
[SourceVersion "1"]
[SourceVersionDate "2005.01.01"]
[SourceQuality "1"]
[WhiteTeam "SC 1868 Bamberg e.V."]
[BlackTeam "Dresdner SC 1898"]
[WhiteTeamCountry "GER"]
[BlackTeamCountry "GER"]

1. e4 e6 2. d4 d5 3. exd5 exd5 4. Nf3 Bg4 5. h3 Bh5 6. Qe2+ Qe7 7. Be3 Nc6 8.
Nc3 Nf6 9. g4 Bg6 10. g5 Ne4 11. Nxd5 Qd7 12. Nf4 O-O-O 13. Nxg6 hxg6 14. c3 f5
15. gxf6 gxf6 16. O-O-O Rh5 17. Qc2 Re8 18. Bd3 f5 19. Rdg1 Qd5 20. Kb1 Bh6 21.
Bxh6 Rxh6 22. Bxe4 Rxe4 23. Qd2 Rh8 24. Ng5 Re7 25. Re1 1/2-1/2

[Event "Bundesliga 9596"]
[Site "Deutschland"]
[Date "1995.??.??"]
[Round "?.1"]
[White "Bologan, Viktor"]
[Black "Adams, Michael"]
[Result "0-1"]
[WhiteElo "2530"]
[BlackElo "2660"]
[PlyCount "80"]
[EventDate "1995.10.??"]
[EventType "team"]
[EventRounds "15"]
[EventCountry "GER"]
[SourceTitle "Bundesliga 9596"]
[Source "DeepChess"]
[SourceDate "2005.01.01"]
[SourceVersion "1"]
[SourceVersionDate "2005.01.01"]
[SourceQuality "1"]
[WhiteTeam "Dresdner SC 1898"]
[BlackTeam "SG 1868 Aljech. Solingen"]
[WhiteTeamCountry "GER"]
[BlackTeamCountry "GER"]

1. e4 e5 2. Nf3 Nc6 3. Bc4 Bc5 4. c3 Nf6 5. d3 a6 6. Nbd2 Ba7 7. Bb3 O-O 8. h3
d5 9. O-O dxe4 10. dxe4 Qe7 11. Nh2 Rd8 12. Qf3 Be6 13. Bc2 Rd6 14. Re1 Qd7 15.
Ndf1 Ne7 16. b3 Ng6 17. Bg5 Ne8 18. Rad1 Qc6 19. Ng4 h6 20. Rxd6 Nxd6 21. Bd2
Nb5 22. Rc1 Rd8 23. a4 Nd6 24. Re1 b5 25. axb5 axb5 26. Qg3 Bxg4 27. Qxg4 b4
28. c4 Ne8 29. Qe2 Bc5 30. g3 Nf8 31. Ne3 Qd7 32. Qf1 Qxd2 33. Rd1 Bxe3 34.
Rxd2 Bxd2 35. c5 Ne6 36. Qc4 Bc3 37. Bd3 c6 38. Bf1 N8c7 39. h4 Rd4 40. Qe2 Rd2
0-1

[Event "Bundesliga 9596"]
[Site "Deutschland"]
[Date "1995.??.??"]
[Round "?.2"]
[White "Jussupow, Artur"]
[Black "Teske, Henrik"]
[Result "1-0"]
[WhiteElo "2680"]
[BlackElo "2500"]
[PlyCount "39"]
[EventDate "1995.10.??"]
[EventType "team"]
[EventRounds "15"]
[EventCountry "GER"]
[SourceTitle "Bundesliga 9596"]
[Source "DeepChess"]
[SourceDate "2005.01.01"]
[SourceVersion "1"]
[SourceVersionDate "2005.01.01"]
[SourceQuality "1"]
[WhiteTeam "SG 1868 Aljech. Solingen"]
[BlackTeam "Dresdner SC 1898"]
[WhiteTeamCountry "GER"]
[BlackTeamCountry "GER"]

1. d4 e6 2. c4 b6 3. Nf3 Bb7 4. e3 Nf6 5. Bd3 c5 6. O-O Be7 7. Nc3 cxd4 8. exd4
d6 9. b3 O-O 10. Bb2 Nbd7 11. Re1 a6 12. h3 Ra7 13. Re3 Qa8 14. Qe2 b5 15. Re1
bxc4 16. bxc4 Re8 17. Ng5 Bf8 18. Nxf7 Kxf7 19. Rxe6 Rb8 20. Rxf6+ 1-0

[Event "Bundesliga 9596"]
[Site "Deutschland"]
[Date "1995.??.??"]
[Round "?.3"]
[White "Lanka, Zigurds"]
[Black "Gabriel, Christian"]
[Result "0-1"]
[WhiteElo "2480"]
[BlackElo "2475"]
[PlyCount "142"]
[EventDate "1995.10.??"]
[EventType "team"]
[EventRounds "15"]
[EventCountry "GER"]
[SourceTitle "Bundesliga 9596"]
[Source "DeepChess"]
[SourceDate "2005.01.01"]
[SourceVersion "1"]
[SourceVersionDate "2005.01.01"]
[SourceQuality "1"]
[WhiteTeam "Dresdner SC 1898"]
[BlackTeam "SG 1868 Aljech. Solingen"]
[WhiteTeamCountry "GER"]
[BlackTeamCountry "GER"]

1. e4 e5 2. Nf3 Nc6 3. Bb5 a6 4. Ba4 Nf6 5. O-O Be7 6. Re1 b5 7. Bb3 d6 8. c3
O-O 9. h3 Nb8 10. d4 Nbd7 11. Nbd2 Bb7 12. Bc2 Re8 13. Nf1 Bf8 14. Ng3 g6 15.
a4 Bg7 16. d5 Qb8 17. b3 c6 18. c4 bxc4 19. bxc4 a5 20. Be3 Qc7 21. Rc1 Ba6 22.
Nd2 Reb8 23. Kh1 Rb4 24. Ne2 c5 25. Nc3 Bxc4 26. Nxc4 Rxc4 27. Nb5 Qb8 28. Bd2
Nb6 29. Ra1 Nfd7 30. Bd3 Rb4 31. Bf1 Bf8 32. Kg1 Qb7 33. h4 Rc8 34. g3 Nf6 35.
Qc2 Qd7 36. f3 Nh5 37. Kh2 f5 38. Bh3 Rc4 39. Qb3 Ra8 40. Bf1 Rb4 41. Bxb4 axb4
42. Bh3 Ra5 43. Qc2 Ng7 44. h5 gxh5 45. exf5 Qf7 46. Red1 Ne8 47. Qd2 Qf6 48.
f4 Nd7 49. Qe2 Bh6 50. Qxh5 Ng7 51. Qf3 exf4 52. gxf4 c4 53. Rg1 Nc5 54. Rae1
Kf7 55. Rxg7+ Kxg7 56. Qg4+ Kh8 57. Re8+ Bf8 58. Qg5 Nd7 59. Qxf6+ Nxf6 60.
Rxf8+ Kg7 61. Rc8 c3 62. Rc7+ Kh6 63. Rc4 Nxd5 64. Bg2 Ne3 65. Rc6 c2 66. Rxd6+
Kg7 67. f6+ Kf8 68. Rc6 b3 69. Nd6 Ng4+ 70. Kg3 Nxf6 71. Ne4 b2 0-1

[Event "Bundesliga 9596"]
[Site "Deutschland"]
[Date "1995.??.??"]
[Round "?.4"]
[White "Bischoff, Klaus"]
[Black "Uhlmann, Wolfgang"]
[Result "1-0"]
[WhiteElo "2550"]
[BlackElo "2490"]
[PlyCount "93"]
[EventDate "1995.10.??"]
[EventType "team"]
[EventRounds "15"]
[EventCountry "GER"]
[SourceTitle "Bundesliga 9596"]
[Source "DeepChess"]
[SourceDate "2005.01.01"]
[SourceVersion "1"]
[SourceVersionDate "2005.01.01"]
[SourceQuality "1"]
[WhiteTeam "SG 1868 Aljech. Solingen"]
[BlackTeam "Dresdner SC 1898"]
[WhiteTeamCountry "GER"]
[BlackTeamCountry "GER"]

1. e4 e6 2. d3 d5 3. Nd2 Nf6 4. Ngf3 c5 5. g3 Nc6 6. Bg2 Be7 7. O-O O-O 8. Re1
b5 9. exd5 exd5 10. Nf1 h6 11. h3 Be6 12. g4 Qc7 13. g5 hxg5 14. Nxg5 Bd7 15.
Ng3 Rae8 16. Bd2 Bd8 17. Rxe8 Rxe8 18. c3 Qd6 19. Nh5 Qe5 20. h4 Qe2 21. Nf4
Qxd1+ 22. Rxd1 d4 23. Rc1 Ba5 24. Nf3 Ne5 25. Nxe5 Rxe5 26. b4 Bb6 27. cxd4
cxd4 28. Bh3 Bxh3 29. Nxh3 Nd5 30. Rc8+ Kh7 31. Ng5+ Kg6 32. Rh8 Re7 33. Ne4
Re5 34. Ng5 f6 35. h5+ Kf5 36. Ne4 Nf4 37. Bxf4 Kxf4 38. Kg2 f5 39. Ng3 Kg5 40.
Rg8 Kf6 41. Rf8+ Ke6 42. Kf3 Rd5 43. Rc8 Ke5 44. Rc6 Rd7 45. Ne2 Rf7 46. Nf4
Rf6 47. Ng6+ 1-0

[Event "Bundesliga 9596"]
[Site "Deutschland"]
[Date "1995.??.??"]
[Round "?.6"]
[White "Schaefer, Markus"]
[Black "Borriss, Martin"]
[Result "1/2-1/2"]
[WhiteElo "2455"]
[BlackElo "2410"]
[PlyCount "49"]
[EventDate "1995.10.??"]
[EventType "team"]
[EventRounds "15"]
[EventCountry "GER"]
[SourceTitle "Bundesliga 9596"]
[Source "DeepChess"]
[SourceDate "2005.01.01"]
[SourceVersion "1"]
[SourceVersionDate "2005.01.01"]
[SourceQuality "1"]
[WhiteTeam "SG 1868 Aljech. Solingen"]
[BlackTeam "Dresdner SC 1898"]
[WhiteTeamCountry "GER"]
[BlackTeamCountry "GER"]

1. e4 c5 2. Nf3 d6 3. d4 cxd4 4. Nxd4 Nf6 5. Nc3 e6 6. Be2 Be7 7. O-O a6 8. f4
Qc7 9. Kh1 O-O 10. a4 Nc6 11. Be3 Re8 12. Nf3 b6 13. Bd3 e5 14. Nd5 Nxd5 15.
exd5 exf4 16. Bxf4 Nb4 17. c3 Nxd3 18. Qxd3 Bg4 19. Nd4 Bf8 20. Rae1 Qd7 21.
Nc6 Rxe1 22. Rxe1 Re8 23. Rxe8 Qxe8 24. Qe3 Qxe3 25. Bxe3 1/2-1/2